000 00633nam a2200229 a 4500
001 BRCA_7599
005 20190320205915.0
008 220613s1955----enka######---#000-0#eng-#
041 _aeng
044 _aenk
050 4 _aDS10
_b.G54 1955
100 1 _aGigon, Fernand
_918742
245 1 0 _aColour of Asia
_cFernand Gigon ; translated by Christine Stead.
260 _aLondres
_bF. Muller
_cc1955
300 _a229 p.
_bil.
_c20 cm.
500 _aIncluye índice de ilustraciones
500 _aS121
651 4 _aAsia
_xDescripción y viajes
_918743
700 1 _aStead, Christine
_etr.
_918744
902 _aGFM
942 _2lcc
_cB
999 _c7273
_d7273